Регионална библиотека "Любен Каравелов" - Русе

Исторически изследование за Охридската и Ипекска архиепископии (Запис номер 157071)

MARC детайли
000 -Лидер
Контролно поле с фиксирана дължина 01411nam a2200349 c 4500
003 - Код на организацията, давaща контролен номер
Контролно поле BLK
005 - Дата и час на последна редакция
Контролно поле 20180422113508.0
008 - Елементи от данни с фиксирана дължина
fixed length control field 180410b bul|||||r ||||||| ||bul||
010 ## - Наследен системен номер
LC control number KNG00164012000
040 ## - Източник на каталожния запис
Идентификатор на билиотеката - собственик на записа BLK
041 ## - Код за език
Код за езика на текст/звукозапис или на отделно заглавие Български
Код за езика КДБФ Български
072 #7 - Код за тематичната категория
Код организация bullib
Код за тематична категория С
Текст Старопечатен фонд
080 ## - УДК
Текстов определител УДК Християнска църква. Обща история на църквата
УДК код - определител по УДК 26/28
УДК определител
УДК - код + определител 26/28
139 ## - Редно поле
Редна дума Михайловски, Никола Стоянов
Авторски знак Михаи - М 74
245 10 - Сведения за заглавието
Заглавие Исторически изследование за Охридската и Ипекска архиепископии
Подзаглавни данни / Превод и [комент.] Н. Михайловскаго
Редно поле (дума) * Никола Стоянов Михайловски.
257 ## - Страна на издаване
Страна на създаване/издаване България
260 ## - Област на издателските данни
-- Цариград
Име на издателя, разпространителя и проч. Печ. на в-к Македония
Година на издаване 1869
300 ## - Физическа характеристика
Страници 107 с.
Размери/Мащаб 24 см
380 ## - Жанр
Жанр Религия. Теология
650 #4 - Допълнително описание по предмет – тема
Основно описание – тема или топоним Християнска църква - история
9 (RLIN) 246868
653 ## - Ключова дума – ненормативна
Ключова дума християнство
653 ## - Ключова дума – ненормативна
Ключова дума църква
653 ## - Ключова дума – ненормативна
Ключова дума Охридска архиепископия
653 ## - Ключова дума – ненормативна
Ключова дума Ипекска архиепископия
659 ## - Тематичен бюлетин
Тематичен бюлетин С
700 1# - Други автори (авторска отговорност)
Лично име Михайловски, Никола Стоянов
Автороска отговорност (Описва отношението между автора и произведението) *
9 (RLIN) 380238
852 ## - Местоположение
Форматна сигнатура Цб Ст 5276*1086
856 4# - Електронен адрес и достъп
Електронен формат pdf - файл
Път до файла /url/
856 4# - Електронен адрес и достъп
Електронен формат pdf - файл
Път до файла /url/
942 ## - АРТИКУЛИ
Вид на библиотечния материал Книги
Скрит в OPAC Не
944 ## - СЪЗДАВАНЕ И РЕДАКЦИЯ на ЗАПИСА
Създаване/Редакция Създаване
Дата на регистрацията/редакция 11.08.2014
Служител, извършил регистрацията/редакцията Теодора_Стоянова
944 ## - СЪЗДАВАНЕ И РЕДАКЦИЯ на ЗАПИСА
Създаване/Редакция Редакция
Дата на регистрацията/редакция 11.08.2014
Служител, извършил регистрацията/редакцията
999 ## - СИСТЕМНИ КОНТРОЛНИ НОМЕРА
Koha biblionumber 157071
Koha biblioitemnumber 157071
Наличности
Код за отписване Код за изгубен артикул Източник на класификационната схема Код за повреда Коз за рестрикции Код за отдаване Артикулен № Име на библиотеката - собственик Име на библиотеката, в която се намира в момента Статус (Текущо местоположение) Дата на вписване в системата Местоположение - отдел Цена в лева Инвентарен номер Систематично азбучна сигнатура Баркод Номер на екземпляра Цена в евро Служебна бележка Служебен тип на артикула
  Не е изгубен Universal Decimal Classification Не е повреден само за читалня Специални фондове ( старопечатни, редки и ценни, фонд М. Арнаудов) 263137 Регионална библиотека "Любен Каравелов" Русе Регионална библиотека "Любен Каравелов" Русе Старопечатен фонд 2000-01-01 Старопечатен фонд 0.86 13713/58-ст Цб Ст 5276*1086 900000000452 1 0.44 Дост: DA Вид: А N: стар фонд Дата: 01.01.2000 Дата инв: 02.04.2018 Бележки инв: СТ2018 Книги
  Не е изгубен Universal Decimal Classification Не е повреден само за читалня Специални фондове ( старопечатни, редки и ценни, фонд М. Арнаудов) 263138 Регионална библиотека "Любен Каравелов" Русе Регионална библиотека "Любен Каравелов" Русе Старопечатен фонд 2000-01-01 Старопечатен фонд 0.86 14627/58-ст Цб Ст 5276*1086 900000000451 2 0.44 Дост: DA Вид: А N: стар фонд Дата: 01.01.2000 Дата инв: 02.04.2018 Бележки инв: СТ2018 Книги
  Не е изгубен Universal Decimal Classification Не е повреден само за читалня Специални фондове ( старопечатни, редки и ценни, фонд М. Арнаудов) 263139 Регионална библиотека "Любен Каравелов" Русе Регионална библиотека "Любен Каравелов" Русе Старопечатен фонд 2000-01-01 Старопечатен фонд 0.86 13714/58-ст Цб Ст 5276*1086 900000000450 3 0.44 Дост: DA Вид: А N: стар фонд Дата: 01.01.2000 Дата инв: 02.04.2018 Бележки инв: СТ2018 Книги
Vip Innovations Ltd, Rousse, Bulgaria 2025